| 000 | 00706nam a2200241Ia 4500 | ||
|---|---|---|---|
| 003 | OSt | ||
| 005 | 20220918200351.0 | ||
| 006 | a|||||r|||| 00| 0 | ||
| 007 | ta | ||
| 008 | 220917b |||||||| |||| 00| 0 eng d | ||
| 024 | _a88,512 | ||
| 037 | _cTextual | ||
| 040 |
_aARTS _cARTS _beng |
||
| 041 |
_2eng _aeng |
||
| 082 | _aT4v3.N1, L5 | ||
| 100 |
_aSanderson Michael ed _993839 |
||
| 245 | 0 | _aUniversities in the nineteenth century | |
| 260 |
_aLodnon _bRoutledge & Kegan paul _c1975 |
||
| 490 | _aBirth of modern Britain seris ed by A E dyson and R T Shannon | ||
| 650 | _aHIGHER EDUCATION | ||
| 942 |
_hT4v3.N1, L5 _cTEXL _2CC |
||
| 999 |
_c212200 _d212200 |
||